[Event "8th HDBank Cup 2018"]
[Site "Hanoi"]
[Date "2018.03.15"]
[Round "9"]
[White "Raja Harshit"]
[Black "Chen, Qi b"]
[Result "0-1"]
[WhiteElo "2444"]
[BlackElo "2359"]
[Annotator "TA"]
[PlyCount "71"]
[EventDate "2018.??.??"]
[EventCountry "VIE"]
[SourceTitle "playchess.com"]
[Source "ChessBase"]
[SourceQuality "1"]

{[%evp 19,71,0,0,0,0,0,0,-50,-35,-25,-36,-34,-34,-17,-12,-120,-110,-144,-125,-117,-98,-110,-101,-115,0,-88,-58,-91,0,0,15,-80,-87,-117,-115,-125,-116,-118,-114,-621,-613,-1837,-1828,-1112,-1005,-29986,-959,-6479,-6378,-6060,-6060,-1442,-836,-29984]} 1. e4 e5 2. Nf3 Nc6 3. Bc4 Bc5 4. c3 Nf6 5. d3 d6 6. O-O O-O 7. Bg5 h6 8. Bh4 g5 {C54: Giuoco Piano: 4 c3 Nf6, main lines with 5 d4 and 5 d3} 9. Nxg5 (9. Bg3 Kg7 10. Nbd2 a5 11. Re1 Be6 12. Bb5 Ba7 13. Bxc6 bxc6 14. d4 Nh5 15. dxe5 Nxg3 16. hxg3 dxe5 17. Nxe5 {1-0 (29) Anand,V (2758)-Fedoseev,V (2771) Riadh 2017}) 9... hxg5 10. Bxg5 Kg7 {LiveBook: 3 Games. The position is equal.} 11. b4 Bb6 $1 12. Qf3 Rh8 13. a4 {And now a5 would win.} a5 14. b5 Nb8 $1 15. Na3 $1 Nbd7 16. Nc2 $1 {[%cal Rc2e3] With the idea Ne3.} Nf8 $146 17. h4 (17. Rae1 $11 {keeps the balance.}) 17... N8h7 18. d4 Be6 19. Bxe6 fxe6 20. Be3 Nf8 21. Bg5 N8h7 22. Be3 exd4 23. Nxd4 Bxd4 (23... Kf7 $17) 24. cxd4 $11 ({Much worse is} 24. Bxd4 e5 $17) 24... Rf8 25. e5 (25. Qh3 $11) 25... Nd5 $17 26. Qg4+ Kh8 27. Qxe6 Nxe3 28. fxe3 Qxh4 {Threatens to win with ...Ng5.} 29. b6 $2 {[%mdl 8192]} (29. exd6 $17 Rfe8 30. Qd5 cxd6 31. Qxb7) 29... Ng5 $19 30. Qd7 {[#]} Nf3+ $1 {[%mdl 512]} 31. Rxf3 Rxf3 32. gxf3 Rg8+ (32... Qg3+ $142 33. Kh1 Rg8 34. Qg4 Rxg4 35. fxg4 cxb6 36. Ra3 dxe5 37. Ra2 Qxe3 38. dxe5 Qxe5 39. Kg1 Qd4+ 40. Kh2 Qxg4 41. Ra3 Qb4 42. Ra2 Qb3 43. Re2 Qxa4 44. Kg3 Qc6 45. Rh2+ Kg7 46. Rh4 a4 47. Rg4+ Kf6 48. Rf4+ Ke7 49. Rf1 a3 50. Re1+ {[#]} Qe6 $1 {[%mdl 512]} 51. Rg1 Qe3+ 52. Kh2 a2 53. Kg2 Qxg1+ $1 {[%mdl 512]} 54. Kxg1 b5 55. Kf2 b4 56. Ke3 a1=Q 57. Kf4 Qd4+ 58. Kg3 b3 59. Kh3 b2 60. Kg2 b1=Q 61. Kg3 Qbg1+ 62. Kh3 Qh8#) 33. Kf1 {Black is clearly winning.} Qh2 {[%csl Gh2][%cal Rg8g1]} 34. Qg4 Rxg4 35. fxg4 cxb6 36. Ra2 {Precision: White = 24%, Black = 73%.} 0-1

[Event "8th HDBank Cup 2018"]
[Site "Hanoi"]
[Date "2018.03.15"]
[Round "9"]
[White "Nguyen Anh Khoi"]
[Black "Rozum, Ivan"]
[Result "0-1"]
[WhiteElo "2435"]
[BlackElo "2582"]
[Annotator "TA"]
[PlyCount "86"]
[EventDate "2018.??.??"]
[EventCountry "VIE"]
[SourceTitle "playchess.com"]
[Source "ChessBase"]
[SourceQuality "1"]

{[%evp 15,86,38,52,18,15,0,0,0,0,0,0,0,0,-3,14,0,0,0,0,-6,0,-21,-14,-21,-22,-14,0,0,12,4,4,10,14,10,4,5,18,20,17,0,26,19,34,45,55,30,30,41,36,0,0,-19,-23,-27,-19,-27,-27,-19,-21,-22,-25,-23,-19,-19,-14,-48,-38,-518,-496,-596,-587,-2133,-1882]} 1. d4 g6 2. c4 Bg7 3. e4 Nc6 4. Ne2 (4. Be3 e5 5. dxe5 d6 6. Nc3 dxe5 7. Qxd8+ Nxd8 8. Nb5 Ne6 9. Nxa7 Bh6 10. Bxh6 Nxh6 11. Nb5 c6 12. Nc3 f5 13. f3 Ke7 14. exf5 gxf5 15. O-O-O Nf7 {½-½ (39) Sarana,A (2562)-Pridorozhni,A (2571) Taganrog 2018}) 4... e5 5. d5 Nd4 6. Nxd4 {A40: Unusual replies to 1 d4} exd4 7. Bd3 d6 8. O-O Nf6 {LiveBook: 9 Games} 9. Nd2 O-O 10. b4 a5 $146 ({Predecessor:} 10... c5 11. dxc6 bxc6 12. Nb3 d5 13. exd5 cxd5 {1-0 (32) Bartos,J (2181)-Dimov,D (1959) Liberec 2016}) 11. bxa5 c5 12. dxc6 bxc6 13. c5 dxc5 {Hoping for ...Be6.} 14. Nb3 $1 Nd7 {And now ...Ne5 would win.} 15. f4 Ba6 16. Bxa6 Rxa6 17. Qd3 Ra8 18. Bd2 Re8 19. Rac1 Bf8 20. Rfe1 Qb8 21. Qh3 Ra7 22. e5 Re6 23. Rf1 {[%cal Be1f1,Bf1f2,Bf2c2,Bc2c3][%mdl 32]} Qb5 24. Rf2 (24. f5 Rxe5 25. Rf2 (25. fxg6 hxg6 26. Qf3 Rf5 $17) 25... Re8 $17) 24... Re8 25. Be1 Qa4 26. Rfc2 Rb7 27. Bf2 Qb5 (27... d3 $5 28. Qxd3 Qxf4 $14) 28. Qf3 Rbb8 29. h4 {[%cal Bh2h4,Bh4h5][%mdl 32]} Rbd8 30. h5 d3 31. Rc3 c4 $1 {[%cal Rc4b3]} 32. Nd4 Qd5 {[#] White must now prevent ...Bb4.} 33. hxg6 hxg6 {Threatens to win with ...Bb4.} 34. Nxc6 Qxf3 35. gxf3 Rc8 36. Na7 Bb4 37. Rxc4 Rxc4 38. Rxc4 d2 $1 {[%cal Rd2d1]} ({Of course not} 38... Bxa5 $6 39. Rd4 $16) 39. Rd4 Nc5 40. Nc6 Bc3 41. Rd5 $2 {[%mdl 8192]} ({Better is} 41. Rxd2 $1 $15 Bxd2 42. Bxc5) 41... Ne6 $19 {Black is clearly winning.} 42. Rd3 {aiming for Be3.} Nxf4 43. Rd6 {[#]} Bd4 $1 {[%mdl 512] Precision: White = 49%, Black = 68%.} 0-1

[Event "8th HDBank Cup 2018"]
[Site "Hanoi"]
[Date "2018.03.15"]
[Round "9"]
[White "Raghunandan, Kaumandur Srihari"]
[Black "Santiago, Yago De Moura"]
[Result "1-0"]
[WhiteElo "2412"]
[BlackElo "2473"]
[Annotator "TA"]
[PlyCount "91"]
[EventDate "2018.??.??"]
[EventCountry "VIE"]
[SourceTitle "playchess.com"]
[Source "ChessBase"]
[SourceQuality "1"]

{[%evp 17,91,13,25,3,23,20,14,16,18,32,38,19,49,49,72,57,110,36,82,77,83,82,171,170,167,166,171,178,196,157,141,151,139,137,193,196,197,196,282,269,292,202,350,380,379,388,375,350,499,482,409,293,289,267,262,260,227,243,269,261,234,243,306,287,295,305,607,619,600,608,502,515,966,944,29982,29969]} 1. e4 e6 2. d4 d5 3. Nc3 Nf6 4. e5 Nfd7 5. f4 c5 6. Nf3 Nc6 7. Be3 Be7 8. Qd2 O-O 9. dxc5 Qa5 {LiveBook: 35 Games. C11: French: Classical System: 4 e5 and 4 Bg5 dxe4} 10. g3 Nxc5 $146 ({Predecessor:} 10... Bxc5 11. Bxc5 Nxc5 12. Bg2 b5 13. Ne2 b4 14. Ned4 Nxd4 15. Nxd4 Qb6 16. O-O Ba6 {½-½ (60) Smeets,J (2532)-Gurevich,M (2643) Vlissingen 2006}) 11. Nd4 Nxd4 {The position is equal.} 12. Bxd4 Rd8 13. a3 Qc7 14. Bg2 Bf8 15. O-O b6 16. b4 Nd7 {[#]} (16... Ba6 $14) 17. Nb5 (17. f5 $1 $16 {[%cal Rf5e6] Black must now prevent fxe6.} Nxe5 18. Nb5) 17... Qc4 {[#]} 18. Qd3 $1 $36 {[%cal Rd3c4][%mdl 2048] White is in control.} Qxd3 19. cxd3 Ba6 (19... Bb7 $16) 20. Nc7 $18 Bxd3 21. Nxa8 Bxf1 22. Bxf1 {Hoping for Nc7.} Rxa8 23. Bb5 Rd8 24. Rc1 {[%mdl 1024] White has strong compensation.} Nb8 25. Kf2 h6 (25... g5 $16 {might work better.} 26. fxg5 Bg7) 26. h4 {[%cal Bh2h4,Bh4h5][%mdl 32]} g5 27. h5 ({But not} 27. hxg5 hxg5 28. Ba4 (28. fxg5 Bg7 $14) 28... Na6 $16) 27... gxf4 (27... Bg7 $142 28. Kf3 Rf8) 28. gxf4 Be7 29. Kg3 Bf8 {[#]} (29... Rf8 $142 30. Rc7 a6) 30. f5 $1 {[%mdl 512]} exf5 31. Kf4 Be7 {And now ...Bg5+ would win.} 32. Kxf5 Bg5 (32... Kf8 $142 33. Rc7 a6) 33. Rc7 a6 34. Bd3 b5 35. e6 fxe6+ 36. Kxe6 {Intending Bh7+ and mate.} Re8+ 37. Kf5 {Kg4 is the strong threat.} Bd8 38. Rg7+ Kf8 39. Rh7 Nc6 40. Bc5+ Kg8 41. Rxh6 Re5+ $2 (41... Ne5 42. Bb1 Nc4 43. Rxa6 Re1) 42. Kg4 Rg5+ 43. Kf4 Ne5 44. Bf5 Kg7 (44... Nf7 $142) 45. Rxa6 ({Worse is} 45. Kxe5 Kxh6 46. Be3 Kxh5 $11) 45... Nf7 {[#]} 46. h6+ $1 {[%mdl 512] Precision: White = 79%, Black = 39%.} 1-0

[Event "8th HDBank Cup 2018"]
[Site "Hanoi"]
[Date "2018.03.15"]
[Round "9"]
[White "Tran, Minh Thang"]
[Black "Nguyen Ngoc Truong Son"]
[Result "1/2-1/2"]
[WhiteElo "2366"]
[BlackElo "2630"]
[Annotator "TA"]
[PlyCount "40"]
[EventDate "2018.??.??"]
[EventCountry "VIE"]
[SourceTitle "playchess.com"]
[Source "ChessBase"]
[SourceQuality "1"]

{[%evp 16,40,8,9,35,35,36,24,33,22,27,27,34,27,27,5,7,0,5,9,34,34,31,38,37,13,28]} 1. d4 d5 2. c4 e6 3. Nc3 Nf6 4. cxd5 exd5 5. Bg5 c6 6. Qc2 Be6 7. e3 {D36: Queen's Gambit Declined: Exchange Variation: Main line (5 Bg5 c6 6 Qc2)} Nbd7 8. Bd3 h6 9. Bh4 {LiveBook: 19 Games} Bd6 (9... g5 $5 {[%cal Rg5h4]} 10. Bg3 Nh5 $14) (9... g5 10. Bg3 Nh5 11. Nge2 Nxg3 12. Nxg3 h5 13. e4 dxe4 14. Ngxe4 Nb6 {1-0 (46) Vakhidov,J (2525)-Shankland,S (2655) Abu Dhabi 2015}) 10. Nge2 a6 $146 ({Predecessor:} 10... Qc7 11. Bg3 Bxg3 12. hxg3 Nb6 13. Nf4 O-O-O 14. a4 Kb8 {1-0 (31) Troff,K (2472)-Brown,M (2508) Saint Louis 2017}) 11. Bg3 (11. h3 {feels hotter.} O-O 12. O-O Re8 13. Rac1 Rc8 14. Rfd1) 11... Bxg3 12. Nxg3 O-O 13. O-O Ne8 14. Nce2 Nd6 15. Nf4 Re8 16. Rac1 Rc8 17. Qd2 Nf6 18. f3 Qb6 19. Qf2 Re7 20. Ngh5 Nde8 {Precision: White = 41%, Black = 53%.} 1/2-1/2

[Event "8th HDBank Cup 2018"]
[Site "Hanoi"]
[Date "2018.03.15"]
[Round "9"]
[White "Zou, Chen"]
[Black "Wen Yang"]
[Result "0-1"]
[WhiteElo "2291"]
[BlackElo "2608"]
[Annotator "TA"]
[PlyCount "99"]
[EventDate "2018.??.??"]
[EventCountry "VIE"]
[SourceTitle "playchess.com"]
[Source "ChessBase"]
[SourceQuality "1"]

{[%evp 11,99,19,50,0,29,16,34,27,51,20,9,0,-5,-168,-158,-181,-158,-160,-168,-162,-137,-136,-120,-138,-31,-47,-51,-41,-37,-90,0,-83,-90,-81,-102,-93,-97,-104,-108,-113,-100,-120,-116,-99,-54,-85,-79,-75,-32,-23,-11,-23,0,0,0,0,0,0,0,-18,-20,-16,0,0,0,-13,-14,-28,0,-39,-29,-47,-36,-85,-75,-161,0,-1028,-1010,-1045,-1034,-920,-877,-1268,-1197,-1305,-1231,-1247,-1239,-29990]} 1. e4 d6 2. d4 g6 3. Nc3 Bg7 4. Be3 a6 5. a4 Nf6 6. Be2 {B06: Modern Defence} (6. Nf3 O-O 7. h3 b6 8. Bd3 Bb7 9. O-O Nc6 10. Qd2 Nb4 11. Bh6 c5 12. d5 Rc8 13. Bxg7 Kxg7 14. Bc4 Rb8 15. Rfe1 Nd7 16. Ne2 a5 17. c3 Na6 {0-1 (41) Ni,H (2671)-Malakhov,V (2686) Riadh 2017}) 6... O-O {LiveBook: 12 Games} 7. g4 {[%cal Bg2g4,Bg4g5][%mdl 32]} Nc6 8. g5 {White has an edge.} Ne8 $146 ({Predecessor:} 8... Nd7 9. h4 e5 10. d5 Nd4 11. Nf3 Nxe2 12. Qxe2 f5 13. gxf6 Nxf6 {0-1 (30) Bove,A (2137)-Romanov,E (2451) Belfort 2005}) 9. h4 e5 10. dxe5 Be6 11. Nd5 dxe5 12. Ra3 $2 (12. Bc5 $11 {and White stays safe.}) 12... Nd6 $19 13. Rd3 Nd4 $1 ({Don't take} 13... Nxe4 14. Nf6+ $1 {[%mdl 512]} Nxf6 15. Rxd8 $15) 14. c3 Bxd5 15. exd5 N4f5 16. Bc1 e4 17. Rdh3 {[#]} e3 $1 {[%mdl 512]} 18. Bxe3 $15 Re8 19. Bc1 Ne4 {[%mdl 1024] Black has compensation.} 20. Kf1 $1 Re5 (20... Qe7 $17 21. Bg4 Qc5) 21. c4 (21. Nf3 $11 Rxd5 22. Qc2) 21... c6 $1 $36 {[%cal Rc6d5][%mdl 2048] Keeping White busy.} 22. Nf3 {[#]} Qb6 $1 {[%csl Ge4][%cal Rb6f2][%mdl 512]} 23. R1h2 Ree8 24. h5 Rad8 25. hxg6 hxg6 26. b3 cxd5 27. Qc2 Qc6 28. Bb2 d4 {Hoping for ...Neg3+!} 29. Bd3 Re6 (29... b5 $5) 30. Bc1 Rde8 31. Kg2 Qd6 32. Qd1 a5 33. Qh1 Kf8 34. Qd1 b6 35. Qc2 $1 Kg8 36. Qd1 Kf8 37. Qc2 {Strongly threatening Rh8+!} Qc6 38. Ba3+ Kg8 39. Qc1 $1 Nc5 40. Bxf5 (40. Qh1 $5 {[%cal Rh3h8]} Kf8 41. Bxc5+ bxc5 42. Rh7 $15) 40... gxf5 41. Qh1 {White threatens Rh8+! and mate.} Kf8 $1 42. Rh7 Rg6 43. R2h5 {[#]} (43. b4 $17 {is a better defense.} axb4 44. Bxb4 Rxg5+ 45. Kf1) 43... Re4 $2 (43... d3 $1 $19 {[%cal Rd3d2] ...d2 is the strong threat.} 44. Qc1 Re2) 44. Qh3 $2 {[%mdl 8192]} (44. Kf1 $11) 44... Rg4+ $19 {Black is clearly winning.} 45. Kh2 Qe4 {White must now prevent ...Be5+.} 46. Rxg7 Rxg7 47. Bb2 Ne6 {[%cal Re6g5]} 48. Ba3+ {[#]} Ke8 $1 {And now ...Nf4 would win.} 49. Bd6 Kd7 50. Ba3 {Precision: White = 54%, Black = 68%.} 0-1

[Event "8th HDBank Cup 2018"]
[Site "Hanoi"]
[Date "2018.03.15"]
[Round "9"]
[White "Mithil, Ajgaonkar"]
[Black "Czebe, Attila"]
[Result "1-0"]
[WhiteElo "2222"]
[BlackElo "2436"]
[Annotator "TA"]
[PlyCount "101"]
[EventDate "2018.??.??"]
[EventCountry "VIE"]
[SourceTitle "playchess.com"]
[Source "ChessBase"]
[SourceQuality "1"]

{[%evp 9,101,0,0,-18,-10,-7,35,5,7,-11,71,59,61,16,61,77,112,57,59,37,28,7,6,7,6,7,14,13,6,8,16,17,106,121,120,110,104,43,44,27,30,19,11,0,0,0,87,82,91,86,94,82,82,90,94,80,129,105,127,83,85,85,91,66,91,81,97,105,218,226,197,200,221,222,213,214,29967,29968,29964,29965,29969,29970,29970,29970,29971,29971,29975,29976,29976,29976,29976,29977,29977,29970]} 1. d4 e6 2. c4 b6 3. a3 g6 4. Nf3 {[%cal Bg1f3,Bf3g5,Bg5e4,Be4c5][%mdl 32]} Bg7 5. g3 Ne7 6. h4 $146 {A40: Unusual replies to 1 d4} ({Find the theoretical novelty and annotate with similar games:} 6. Bg2 O-O 7. O-O a5 8. Nc3 Ba6 9. b3 c6 10. Re1 d6 11. Bf4 Qc7 {0-1 (49) Erenberg,A (2353)-Czebe,A (2439) Budapest 2015}) 6... Bb7 7. Bg2 c5 8. d5 {White is slightly better.} exd5 9. Ng5 b5 (9... h6 $11 10. Nh3 O-O) 10. cxd5 $16 d6 11. Nc3 a6 12. Nge4 O-O 13. Bf4 (13. h5 $1 $16) 13... b4 $1 $14 {[%cal Rb4c3]} 14. axb4 cxb4 15. Na2 Nxd5 {[%cal Be7d5,Bd5e3,Be3g2][%mdl 32]} 16. Bxd6 Re8 17. Nc5 Ne3 $1 18. Nxb7 Nxg2+ 19. Kf1 Qb6 20. Qd5 Ra7 (20... Ne3+ $11 21. fxe3 Nc6) 21. Na5 $16 {Black must now prevent Nc4.} ({Worse is} 21. Kxg2 Rxb7 22. Bxb4 Rxe2 $15) 21... Rd7 ({Not} 21... Bxb2 $2 22. Rb1 $18) 22. Nc4 Qb5 23. Nxb4 ({White should try} 23. Rd1 $1 $16) 23... Qxb4 $14 24. Bxb4 Rxd5 25. Kxg2 $40 {[%mdl 128] White has some attack.} Nc6 26. Bc3 (26. Be1 {NOTEXT} Rc5 27. Ne3 a5 28. Bc3 Bd4 29. Bxd4 Nxd4 30. Rhc1) 26... Bxc3 27. bxc3 a5 (27... Rxe2 $11 {keeps the balance.} 28. Rxa6 Rc5) 28. Ne3 $16 Rc5 29. Ra3 Rb8 30. Rc1 Rb2 31. Rc2 Rb1 32. Rd2 Re1 33. c4 {And now Rd5 would win.} Nb4 34. Rd8+ Kg7 35. Ra8 Rxe2 36. R8xa5 Rxa5 37. Rxa5 {[%mdl 4096] Endgame KRN-KRN} Nd3 {[#]} 38. Rd5 $1 {[%cal Rd5d3]} Nxf2 (38... Nb4 $16) 39. Kf3 $18 Ra2 40. c5 {[%cal Bc4c5,Bc5c6,Bc6c7][%mdl 32]} f5 41. c6 Ne4 {[%csl Ge4][%cal Ra2f2] [#]} 42. Rd7+ $1 Kh6 $2 {[#]} (42... Kf6 $18 43. Nd5+ Ke5) 43. Ng4+ $1 {[%mdl 512] White mates.} fxg4+ 44. Kxe4 {KR-KR} Rc2 45. c7 g5 46. hxg5+ Kxg5 47. Rxh7 Kf6 48. Kd5 Kf5 49. Rf7+ Kg6 50. Re7 Rd2+ 51. Ke6 {Precision: White = 59%, Black = 42%.} 1-0